000
00323nam a2200133Ia 4500
008
240624s9999 xx 000 0 und d
041
_a
eng
082
_a
823 GRI
100
_a
GRISHAM JOHN
245
_a
THEODORE BOONE THE SCANDAL
260
_c
2016
_a
New Delhi
_b
Hodder & Stoughton
300
_a
272 p.
365
_c
RS
_b
30
999
_c
29327
_d
29327